[Event "4NCL/Div4b/BRJ vs. MIN2"]
[Site "Telford ENG"]
[Date "2005.04.17"]
[Round "8.5"]
[White "Hall, Joshua D"]
[Black "Hawkins, J Nick"]
[Result "1/2-1/2"]
[WhiteElo "1980"]
[BlackElo "2039"]
[PlyCount "40"]
[EventDate "2005.04.17"]
[SourceDate "2004.09.21"]

1. e4 e5 2. Nf3 Nc6 3. Nc3 Nf6 4. d4 exd4 5. Nxd4 Bb4 6. Nxc6 bxc6 7. Bd3 d5 8.
exd5 cxd5 9. O-O O-O 10. Bg5 c6 11. Qf3 Be7 12. Rfe1 Be6 13. Qg3 Nh5 14. Bxe7
Qxe7 15. Qf3 Qg5 16. Be2 Nf4 17. Qg3 Qxg3 18. hxg3 Nxe2+ 19. Rxe2 Rfe8 20. Rae1
Bd7 1/2-1/2

[Event "4NCL/Div4b/BRJ vs. MIN2"]
[Site "Telford ENG"]
[Date "2005.04.17"]
[Round "8.6"]
[White "Eisen, David"]
[Black "Tomboline, David"]
[Result "1/2-1/2"]
[WhiteElo "2020"]
[BlackElo "1990"]
[PlyCount "69"]
[EventDate "2005.04.17"]
[SourceDate "2004.09.21"]

1. d4 Nf6 2. Nf3 e6 3. c4 Bb4+ 4. Bd2 Qe7 5. Nc3 d6 6. e3 Bxc3 7. Bxc3 Ne4 8.
Qc2 Nxc3 9. Qxc3 Nd7 10. Be2 a5 11. O-O O-O 12. Rfe1 b6 13. e4 e5 14. Rad1 Re8
15. d5 Nc5 16. Nd2 f5 17. exf5 Bxf5 18. f3 Qh4 19. Nb3 Nxb3 20. axb3 Rf8 21.
Bd3 Qg5 22. Bxf5 Rxf5 23. Re4 Raf8 24. Rg4 Qf6 25. Re1 Rf4 26. Rxf4 Qxf4 27.
Re4 Qg5 28. Rg4 Qf5 29. Re4 Qg5 30. Qe3 Qxe3+ 31. Rxe3 Rf4 32. Kf2 Kf7 33. g3
Rd4 34. Re4 Rd2+ 35. Re2 1/2-1/2

[Event "4NCL/Div4b/MET vs. SLOS3"]
[Site "Telford ENG"]
[Date "2005.04.17"]
[Round "8.1"]
[White "Noden, Nicolas"]
[Black "Williams, Samuel G"]
[Result "0-1"]
[WhiteElo "2229"]
[BlackElo "2207"]
[PlyCount "88"]
[EventDate "2005.04.17"]
[SourceDate "2004.09.21"]

1. c4 Nf6 2. g3 g6 3. Bg2 d5 4. cxd5 Nxd5 5. Nc3 Nb6 6. d3 Bg7 7. Be3 Nc6 8.
Qd2 Nd4 9. Rc1 c6 10. Bh6 O-O 11. h4 f6 12. Bxg7 Kxg7 13. Nf3 Nxf3+ 14. Bxf3 e5
15. Ne4 Qe7 16. Qc3 Be6 17. Qc5 Nc8 18. Qxe7+ Nxe7 19. Nc5 Bc8 20. O-O Rd8 21.
Rb1 b6 22. Na4 Bd7 23. Rfc1 Rac8 24. Nc3 Nf5 25. Bg2 Be6 26. Kf1 Kf7 27. b4 Rd7
28. a4 Nd4 29. e3 Nb3 30. Rd1 c5 31. b5 Rcd8 32. Ke2 Na5 33. Bc6 Rc7 34. Bf3 f5
35. Ke1 Rcd7 36. Ke2 Bb3 37. Rd2 e4 38. Bg2 Rxd3 39. Rxd3 Rxd3 40. Rc1 Nc4 41.
Nxe4 fxe4 42. Bxe4 Rd2+ 43. Ke1 Rd6 44. Rc3 Na5 0-1

[Event "4NCL/Div4b/MET vs. SLOS3"]
[Site "Telford ENG"]
[Date "2005.04.17"]
[Round "8.2"]
[White "Duggan, Michael"]
[Black "Calvert, D Ian"]
[Result "1/2-1/2"]
[WhiteElo "2096"]
[BlackElo "2065"]
[PlyCount "94"]
[EventDate "2005.04.17"]
[SourceDate "2004.09.21"]

1. e4 d5 2. exd5 Qxd5 3. Nc3 Qa5 4. Bc4 c6 5. Nf3 Nf6 6. O-O Bg4 7. Re1 e6 8.
d4 Bb4 9. Re5 Qc7 10. h3 Bh5 11. Ne4 Nbd7 12. Nxf6+ Nxf6 13. Bg5 Bd6 14. Bxf6
Bxf3 15. Qxf3 gxf6 16. Re3 Be7 17. d5 cxd5 18. Bxd5 Qxc2 19. Bxb7 Rd8 20. Qh5
Qg6 21. Qb5+ Kf8 22. Rg3 Qh6 23. Qa5 Rg8 24. Re3 Qg5 25. Qxa7 Bc5 26. Qa5 Kg7
27. Rg3 Qxg3 28. Qxc5 Qe5 29. Qxe5 fxe5 30. a4 Rb8 31. Bc6 Rxb2 32. a5 Rc8 33.
a6 Rxc6 34. a7 Rc8 35. a8=Q Rxa8 36. Rxa8 f5 37. Ra6 Kf6 38. Ra7 h6 39. Rh7 Kg6
40. Rh8 e4 41. Rg8+ Kf7 42. Rh8 Kg7 43. Re8 Rb6 44. Rc8 e5 45. Re8 Kf6 46. g3
Rb5 47. Rf8+ Kg6 1/2-1/2

[Event "4NCL/Div4b/MET vs. SLOS3"]
[Site "Telford ENG"]
[Date "2005.04.17"]
[Round "8.3"]
[White "Fegan, Chris"]
[Black "Nelson, Omowale"]
[Result "1-0"]
[WhiteElo "2098"]
[BlackElo "2086"]
[PlyCount "91"]
[EventDate "2005.04.17"]
[SourceDate "2004.09.21"]

1. d4 d5 2. Nf3 Nf6 3. e3 Bf5 4. c4 c6 5. Qb3 Qb6 6. Nc3 Qxb3 7. axb3 Na6 8.
Ra4 Nc7 9. Ne5 Bc2 10. Rb4 b5 11. cxb5 e6 12. Ra4 Bxb3 13. Ra1 c5 14. Nc6 c4
15. f3 Nd7 16. e4 Bd6 17. Rxa7 Rxa7 18. Nxa7 O-O 19. Nc6 Ra8 20. Be2 Nb8 21.
Nxb8 Rxb8 22. exd5 Nxd5 23. Bd2 Nxc3 24. Bxc3 Rxb5 25. O-O Bf4 26. Ra1 h6 27.
Ra8+ Rb8 28. Rxb8+ Bxb8 29. g3 Ba7 30. f4 f6 31. Kf2 Kf7 32. Ke3 g6 33. Bb4 e5
34. fxe5 fxe5 35. Bc5 Bb8 36. Ke4 Ke6 37. d5+ Kf6 38. d6 Bc2+ 39. Kd5 Bd3 40.
Bg4 h5 41. Bc8 e4 42. Bb6 Kf7 43. d7 e3 44. d8=Q e2 45. Qd7+ Kf6 46. Bd8# 1-0

[Event "4NCL/Div4b/MET vs. SLOS3"]
[Site "Telford ENG"]
[Date "2005.04.17"]
[Round "8.4"]
[White "Edgell, Ben P"]
[Black "Djabri, Zafer M"]
[Result "1/2-1/2"]
[WhiteElo "2025"]
[BlackElo "2070"]
[PlyCount "32"]
[EventDate "2005.04.17"]
[SourceDate "2004.09.21"]

1. d4 d5 2. Nf3 Nf6 3. g3 c5 4. c3 Bg4 5. Ne5 Bf5 6. Bg2 Nc6 7. Qa4 Rc8 8. Nd2
e6 9. Ndf3 Nd7 10. O-O cxd4 11. Nxc6 Rxc6 12. Nxd4 Ra6 13. Qb3 Rb6 14. Qa4 Ra6
15. Qb3 Rb6 16. Qa4 Ra6 1/2-1/2

[Event "4NCL/Div4b/MET vs. SLOS3"]
[Site "Telford ENG"]
[Date "2005.04.17"]
[Round "8.5"]
[White "McInnes, Neil"]
[Black "Varnam, Liam D"]
[Result "1-0"]
[WhiteElo "2005"]
[BlackElo "2092"]
[PlyCount "69"]
[EventDate "2005.04.17"]
[SourceDate "2004.09.21"]

1. d4 d5 2. Nf3 Nf6 3. c3 e6 4. Bg5 Be7 5. Nbd2 O-O 6. e3 Nbd7 7. Bd3 h6 8.
Bxf6 Bxf6 9. e4 c5 10. e5 Be7 11. O-O Qe8 12. Ne1 c4 13. Bc2 f5 14. f4 g5 15.
Qe2 b5 16. a3 g4 17. g3 a5 18. Ng2 Nb8 19. Kf2 Nc6 20. Ne3 Bd7 21. Rh1 Kg7 22.
h3 gxh3 23. Rxh3 Rh8 24. g4 Qf7 25. gxf5 exf5 26. Rg1+ Kf8 27. Qh5 b4 28. Qxf7+
Kxf7 29. Nxd5 bxa3 30. bxa3 Bxa3 31. Nb6 Rad8 32. Nxd7 Rxd7 33. Bxf5 Rc7 34.
Rhg3 Bf8 35. Ne4 1-0

[Event "4NCL/Div4b/MET vs. SLOS3"]
[Site "Telford ENG"]
[Date "2005.04.17"]
[Round "8.6"]
[White "Purton, Ben J"]
[Black "Cooke, Charlie"]
[Result "1-0"]
[WhiteElo "2085"]
[BlackElo "1840"]
[PlyCount "125"]
[EventDate "2005.04.17"]
[SourceDate "2004.09.21"]

1. e4 e5 2. Nf3 Nf6 3. Nxe5 d6 4. Nf3 Nxe4 5. d4 d5 6. Bd3 Nf6 7. O-O Be7 8.
Nbd2 O-O 9. Ne5 Nbd7 10. Ndf3 Nxe5 11. Nxe5 Re8 12. Re1 c6 13. Qf3 Be6 14. c3
Nd7 15. Ng4 Nf6 16. Ne3 g6 17. Bd2 Qd7 18. h3 Rad8 19. a4 Qc7 20. Re2 Kg7 21.
Nf1 Nh5 22. Rae1 Bd6 23. Bg5 Be7 24. Bxe7 Rxe7 25. Re5 Nf6 26. Qe3 Nd7 27. Rg5
Rde8 28. Qg3 Qxg3 29. Rxg3 Nb6 30. a5 Nc4 31. Bxc4 dxc4 32. Rge3 Kf8 33. f4 Bd5
34. Kf2 Rxe3 35. Nxe3 b5 36. axb6 axb6 37. Ra1 Re7 38. Ra6 Rb7 39. g4 Be6 40.
f5 gxf5 41. gxf5 Bd5 42. f6 Ke8 43. Ra1 Be6 44. Kg3 Rb8 45. h4 b5 46. Kf4 Kf8
47. Ke5 Ke8 48. Rg1 Kd7 49. Rg7 Ra8 50. Rxh7 Ra2 51. Ng2 Rxb2 52. Nf4 Bd5 53.
Nxd5 Re2+ 54. Kf5 cxd5 55. Rxf7+ Ke8 56. Rb7 Re3 57. h5 Rxc3 58. h6 Rh3 59. h7
c3 60. Rxb5 Rxh7 61. Ke6 Rd7 62. Rb8+ Rd8 63. f7+ 1-0

[Event "4NCL/Div4b/MONM vs. WWKS2"]
[Site "Telford ENG"]
[Date "2005.05.28"]
[Round "9.1"]
[White "Thomas, Joseff"]
[Black "Hunt, Malcolm A"]
[Result "0-1"]
[WhiteElo "2023"]
[BlackElo "2143"]
[PlyCount "78"]
[EventDate "2005.05.28"]
[SourceDate "2004.09.21"]

1. e4 e5 2. Bc4 Nf6 3. Nf3 Nc6 4. d3 Be7 5. Nc3 d6 6. Be3 Na5 7. Bb3 Nxb3 8.
axb3 a6 9. Qd2 Bg4 10. O-O-O Qd7 11. h3 Bxf3 12. gxf3 O-O 13. d4 h6 14. d5 Nh5
15. Na4 Rfd8 16. Qa5 Bg5 17. Kb1 Bxe3 18. fxe3 f5 19. Nc3 f4 20. Ne2 Rf8 21.
exf4 Nxf4 22. Ng3 Nxh3 23. Nf5 Rxf5 24. Rxh3 Rf4 25. Rg3 Raf8 26. Qc3 Qf7 27.
Rd3 g5 28. Qe1 Qh5 29. Qe2 Rh4 30. Rg2 Rh3 31. Rf2 Rf4 32. Ka2 Qf7 33. Qf1 Rfh4
34. Rd1 Qf4 35. Qe2 Rh1 36. Rd2 R4h3 37. b4 Rg1 38. c4 Rhh1 39. Kb3 Re1 0-1

[Event "4NCL/Div4b/MONM vs. WWKS2"]
[Site "Telford ENG"]
[Date "2005.05.28"]
[Round "9.2"]
[White "Cooper, David M"]
[Black "Waterfield, John"]
[Result "1/2-1/2"]
[WhiteElo "2095"]
[BlackElo "2045"]
[PlyCount "39"]
[EventDate "2005.05.28"]
[SourceDate "2004.09.21"]

1. e4 c5 2. Nf3 d6 3. d4 cxd4 4. Qxd4 Nc6 5. Bb5 Bd7 6. Bxc6 Bxc6 7. Nc3 Nf6 8.
Bg5 e6 9. O-O-O Be7 10. Rhe1 Qa5 11. e5 Bxf3 12. gxf3 dxe5 13. Rxe5 Qb4 14. Qe3
Qb6 15. Rb5 Qc6 16. Rd3 b6 17. Bxf6 Bxf6 18. Qe4 Rc8 19. Qxc6+ Rxc6 20. Ne4
1/2-1/2

[Event "4NCL/Div4b/MONM vs. WWKS2"]
[Site "Telford ENG"]
[Date "2005.05.28"]
[Round "9.3"]
[White "Thomas, Jac"]
[Black "Lloyd, Alan D"]
[Result "0-1"]
[WhiteElo "1985"]
[BlackElo "2140"]
[PlyCount "102"]
[EventDate "2005.05.28"]
[SourceDate "2004.09.21"]

1. e4 c5 2. d4 cxd4 3. c3 Nf6 4. e5 Nd5 5. Bc4 Qc7 6. Qe2 d3 7. Qe4 Nb6 8. Bxd3
Qc6 9. Nf3 Qxe4+ 10. Bxe4 g6 11. O-O Bg7 12. Bf4 O-O 13. Nbd2 f6 14. exf6 Bxf6
15. Be3 d5 16. Bc2 N8d7 17. Bb3 e6 18. Rfe1 Re8 19. a4 a5 20. Bd4 e5 21. c4
dxc4 22. Nxc4 Nxc4 23. Bxc4+ Kf8 24. Be3 e4 25. Bh6+ Bg7 26. Bxg7+ Kxg7 27. Bb5
Re7 28. Rad1 Nf6 29. Rd8 Rc7 30. Ng5 b6 31. Ne6+ Bxe6 32. Rxa8 Rc2 33. Rd8 Bd5
34. Rd1 e3 35. fxe3 Rxg2+ 36. Kf1 Rxh2 37. R1xd5 Nxd5 38. Rxd5 Rxb2 39. Rd6 h5
40. Rxb6 h4 41. Rb7+ Kf6 42. Rh7 g5 43. Rh8 Kf5 44. Bd3+ Kg4 45. Rf8 h3 46.
Bf5+ Kg3 47. Rh8 Rf2+ 48. Kg1 h2+ 49. Rxh2 Rxh2 50. e4 Ra2 51. Kf1 Rxa4 0-1

[Event "4NCL/Div4b/MONM vs. WWKS2"]
[Site "Telford ENG"]
[Date "2005.05.28"]
[Round "9.4"]
[White "Emanuel, John"]
[Black "Thomas, Kevin"]
[Result "1-0"]
[WhiteElo "2040"]
[BlackElo "1960"]
[PlyCount "79"]
[EventDate "2005.05.28"]
[SourceDate "2004.09.21"]

1. c4 Nf6 2. g3 g6 3. Bg2 Bg7 4. Nc3 O-O 5. d3 d6 6. e4 Nc6 7. Nge2 Bg4 8. h3
Be6 9. O-O Nh5 10. Be3 f5 11. exf5 gxf5 12. Qd2 Qe8 13. Nd5 Bxd5 14. Bxd5+ e6
15. Bg2 Qg6 16. Rab1 e5 17. b4 Rae8 18. Kh1 e4 19. dxe4 fxe4 20. b5 Nd8 21. Qa5
b6 22. Qd2 Kh8 23. Rbe1 Qe6 24. Qc2 Nb7 25. Nd4 Qg6 26. Ne2 Nc5 27. Bxc5 dxc5
28. g4 Nf6 29. Ng3 h5 30. gxh5 Nxh5 31. Nxh5 Qxh5 32. Rxe4 Be5 33. Rg4 Rf3 34.
Kg1 Rc3 35. Qd1 Qh7 36. Re1 Rd3 37. Qb1 Red8 38. Bf1 R8d6 39. Bxd3 Rxd3 40. Re3
1-0

[Event "4NCL/Div4b/MONM vs. WWKS2"]
[Site "Telford ENG"]
[Date "2005.05.28"]
[Round "9.5"]
[White "Lazarus, Sam"]
[Black "Staniforth, John"]
[Result "0-1"]
[WhiteElo "1605"]
[BlackElo "1985"]
[PlyCount "68"]
[EventDate "2005.05.28"]
[SourceDate "2004.09.21"]

1. e4 e6 2. Qe2 Qe7 3. Nf3 d5 4. d3 c5 5. g3 Nc6 6. Bg2 dxe4 7. dxe4 e5 8. O-O
Nf6 9. Nbd2 Qc7 10. b3 Bg4 11. Bb2 Bd6 12. Rad1 O-O 13. h3 Be6 14. Ng5 Bd7 15.
Nc4 Nd4 16. Bxd4 cxd4 17. c3 Bc5 18. b4 Bb6 19. Nxb6 Qxb6 20. cxd4 Bb5 21. Qd2
Bxf1 22. dxe5 Bxg2 23. exf6 Qxf6 24. Kxg2 Rad8 25. Nxh7 Kxh7 26. Qc2 Rxd1 27.
e5+ Qg6 28. Qxd1 Qe4+ 29. Kg1 Qxe5 30. Qd7 Qe1+ 31. Kg2 Qxb4 32. Qf5+ Kg8 33.
h4 Re8 34. h5 Qe4+ 0-1

[Event "4NCL/Div4b/ADD vs. MIN2"]
[Site "Telford ENG"]
[Date "2005.05.28"]
[Round "9.1"]
[White "Dupré, Paul D"]
[Black "Hardman, Michael J"]
[Result "0-1"]
[WhiteElo "2057"]
[BlackElo "2100"]
[PlyCount "84"]
[EventDate "2005.05.28"]
[SourceDate "2004.09.21"]

1. d4 Nf6 2. c4 c5 3. d5 e5 4. Nc3 d6 5. Qc2 a6 6. a4 Be7 7. Bg5 O-O 8. e4 Ne8
9. Bxe7 Qxe7 10. Bd3 g6 11. h4 f5 12. h5 f4 13. hxg6 hxg6 14. g3 Ng7 15. gxf4
exf4 16. Nf3 Bg4 17. Be2 Bxf3 18. Bxf3 Nd7 19. O-O-O Ne5 20. Be2 Kf7 21. Rh7
Rh8 22. Rdh1 Rxh7 23. Rxh7 Kg8 24. Rh1 Rf8 25. Nd1 Qg5 26. f3 Nh5 27. Kb1 Qg2
28. Rf1 Ng3 29. Rf2 Qh1 30. Ka2 Rf7 31. Bd3 Rh7 32. Qd2 g5 33. Be2 Kf8 34. Qa5
Ke8 35. Qd2 Kd7 36. a5 Rh2 37. Rxh2 Qxh2 38. Nc3 Nxe2 39. Nxe2 Nxf3 40. Qd1 Ne5
41. Qa4+ Kd8 42. Nc1 f3 0-1

[Event "4NCL/Div4b/ADD vs. MIN2"]
[Site "Telford ENG"]
[Date "2005.05.28"]
[Round "9.2"]
[White "Parker, Robert"]
[Black "Hamilton, Robert"]
[Result "1/2-1/2"]
[WhiteElo "2088"]
[BlackElo "1970"]
[PlyCount "47"]
[EventDate "2005.05.28"]
[SourceDate "2004.09.21"]

1. d4 Nf6 2. c4 e6 3. Nc3 c5 4. Nf3 cxd4 5. Nxd4 a6 6. e3 Be7 7. Be2 O-O 8. O-O
Nc6 9. b3 Qc7 10. Bb2 Rd8 11. Rc1 b6 12. Bf3 Bb7 13. Qe2 Rac8 14. Rfd1 Qb8 15.
Nxc6 Bxc6 16. Bxc6 dxc6 17. Qf3 b5 18. Ne4 Nxe4 19. Qxe4 c5 20. Qg4 g6 21. Qe4
Rxd1+ 22. Rxd1 Rd8 23. Rxd8+ Qxd8 24. Qc2 1/2-1/2

[Event "4NCL/Div4b/ADD vs. MIN2"]
[Site "Telford ENG"]
[Date "2005.05.28"]
[Round "9.3"]
[White "Klein, Cornelia"]
[Black "Ackley, Peter"]
[Result "1/2-1/2"]
[WhiteElo "1945"]
[BlackElo "2050"]
[PlyCount "64"]
[EventDate "2005.05.28"]
[SourceDate "2004.09.21"]

1. e4 d6 2. d4 Nf6 3. Nd2 g6 4. Ngf3 Bg7 5. Bd3 O-O 6. O-O Nc6 7. c3 e5 8. Nb3
h6 9. h3 Nh5 10. Re1 Qf6 11. d5 Ne7 12. Be3 Nf4 13. Bf1 g5 14. Nh2 Qg6 15. Nd2
f5 16. g3 Nfxd5 17. exd5 f4 18. Bxa7 fxg3 19. fxg3 Rxa7 20. Bg2 Qd3 21. Ndf1
Qxd1 22. Rexd1 Bd7 23. Ne3 Nf5 24. Nhf1 Nxe3 25. Nxe3 h5 26. a3 g4 27. hxg4
hxg4 28. Rf1 Raa8 29. Be4 Bh6 30. Nf5 Bg5 31. Rae1 Rf7 32. Ne3 Rxf1+ 1/2-1/2

[Event "4NCL/Div4b/ADD vs. MIN2"]
[Site "Telford ENG"]
[Date "2005.05.28"]
[Round "9.4"]
[White "Hawkins, J Nick"]
[Black "Goggin, Eamonn P"]
[Result "1/2-1/2"]
[WhiteElo "2039"]
[BlackElo "1870"]
[PlyCount "41"]
[EventDate "2005.05.28"]
[SourceDate "2004.09.21"]

1. e4 c5 2. Nf3 Nc6 3. d4 cxd4 4. Nxd4 g6 5. Nc3 Bg7 6. Be3 Nf6 7. Bc4 O-O 8.
f3 Qb6 9. Ncb5 a6 10. Nf5 Qd8 11. Nbd4 gxf5 12. Nxf5 e6 13. Nxg7 Kxg7 14. Qd2
Rg8 15. O-O-O b5 16. Bb3 Kf8 17. e5 Nh5 18. g4 Ng7 19. Bc5+ Ke8 20. Qh6 Bb7 21.
Rhe1 1/2-1/2

[Event "4NCL/Div4b/BRJ vs. MET"]
[Site "Telford ENG"]
[Date "2005.05.28"]
[Round "9.1"]
[White "Headlong, Timothy"]
[Black "Noden, Nicolas"]
[Result "1/2-1/2"]
[WhiteElo "2213"]
[BlackElo "2229"]
[PlyCount "82"]
[EventDate "2005.05.28"]
[SourceDate "2004.09.21"]

1. Nf3 d6 2. d4 Bg4 3. c4 Nd7 4. Qb3 Rb8 5. h3 Bxf3 6. Qxf3 g6 7. e3 Bg7 8. Nc3
c5 9. d5 a6 10. e4 Ngf6 11. a4 O-O 12. Qd1 Re8 13. Bd3 e6 14. O-O exd5 15. exd5
Nh5 16. Bd2 Ne5 17. Be2 Qh4 18. f4 Ng3 19. Be1 Nd7 20. Rf3 Nxe2+ 21. Nxe2 Qd8
22. Nc3 Nf6 23. Qd3 Qb6 24. Qc2 Nh5 25. g4 Nf6 26. Bh4 Qb4 27. Na2 Qa5 28. f5
Ne4 29. fxg6 hxg6 30. Nc3 Nxc3 31. bxc3 b5 32. Raf1 Rb7 33. axb5 axb5 34. cxb5
Qxb5 35. c4 Qb2 36. Qxb2 Bxb2 37. Bf6 Bxf6 38. Rxf6 Rd7 39. R1f4 Re3 40. Kg2
Re2+ 41. Kg3 Kg7 1/2-1/2

[Event "4NCL/Div4b/BRJ vs. MET"]
[Site "Telford ENG"]
[Date "2005.05.28"]
[Round "9.2"]
[White "Dickson, George"]
[Black "Haydon, Richard"]
[Result "0-1"]
[WhiteElo "2137"]
[BlackElo "2205"]
[PlyCount "66"]
[EventDate "2005.05.28"]
[SourceDate "2004.09.21"]

1. d4 d6 2. Bf4 g6 3. e3 Bg7 4. Nf3 Nd7 5. Be2 e5 6. Bg3 Ne7 7. c3 O-O 8. Nbd2
Nf5 9. e4 Nxg3 10. hxg3 exd4 11. Nxd4 Qe7 12. Qc2 d5 13. O-O-O c5 14. Nb5 Nf6
15. Bf3 a6 16. Na3 Be6 17. exd5 Nxd5 18. Rde1 Rad8 19. Kb1 b5 20. Ka1 b4 21.
Bxd5 Rxd5 22. Nab1 Qb7 23. c4 Rd4 24. f3 a5 25. Rxe6 fxe6 26. Nb3 Rdd8 27. Nxc5
Qb6 28. Ne4 Qe3 29. c5 a4 30. Qc4 a3 31. Qxe6+ Kh8 32. Nbc3 axb2+ 33. Kxb2
bxc3+ 0-1

[Event "4NCL/Div4b/BRJ vs. MET"]
[Site "Telford ENG"]
[Date "2005.05.28"]
[Round "9.3"]
[White "Richmond, Peter A"]
[Black "Calvert, D Ian"]
[Result "1/2-1/2"]
[WhiteElo "2257"]
[BlackElo "2065"]
[PlyCount "239"]
[EventDate "2005.05.28"]
[SourceDate "2004.09.21"]

1. d4 d5 2. c4 c6 3. Nf3 Nf6 4. Nc3 dxc4 5. a4 Bf5 6. Ne5 Nbd7 7. Nxc4 Nb6 8.
Ne5 e6 9. e3 Be7 10. Be2 O-O 11. a5 Nbd5 12. a6 Nxc3 13. bxc3 Qc7 14. axb7 Qxb7
15. O-O Ne4 16. Qe1 c5 17. f3 Nf6 18. e4 Bg6 19. Be3 Nd7 20. Nxg6 hxg6 21. Qd2
cxd4 22. cxd4 Rfb8 23. Rfc1 Bf6 24. Bd3 Nb6 25. Ba6 Qd7 26. Ra5 Rf8 27. Rac5
Qa4 28. Bb5 Qb3 29. Bc6 Rad8 30. d5 Be7 31. Rb5 Qa3 32. Ra5 Qb4 33. Qxb4 Bxb4
34. Rxa7 Nc8 35. Rb7 Bd6 36. dxe6 fxe6 37. Bg5 Ba3 38. Rc3 Rd1+ 39. Kf2 Ra1 40.
e5 Ra2+ 41. Kg3 Bb2 42. Re3 Bc1 43. Bd7 Ra6 44. Rc3 Bxg5 45. Rxc8 Bf4+ 46. Kg4
Rxc8 47. Bxc8 Bxe5 48. Rb5 Ra4+ 49. Kh3 Bf6 50. Bxe6+ Kf8 51. Rb7 Rh4+ 52. Kg3
g5 53. h3 Rd4 54. Rb5 Ke7 55. Bf5 Rd2 56. Rb7+ Kf8 57. Bg6 Rd4 58. Be4 Rd2 59.
f4 gxf4+ 60. Kxf4 Rf2+ 61. Bf3 Rb2 62. Rd7 Rb4+ 63. Be4 Rd4 64. Rb7 Rd8 65. g3
g5+ 66. Kf5 Be7 67. Ke6 Rd6+ 68. Ke5 Kf7 69. Bd5+ Kf8 70. Rb8+ Rd8 71. Rb3 Kg7
72. Ke6 Bc5 73. Rb7+ Kh6 74. Be4 Rh8 75. Rf7 Be3 76. Bd3 Bd2 77. g4 Be3 78. Rd7
Bf4 79. Bf5 Re8+ 80. Kf7 Rc8 81. Kf6 Rf8+ 82. Ke6 Re8+ 83. Kd5 Rh8 84. Re7 Bd2
85. Ke6 Bb4 86. Rd7 Re8+ 87. Kd5 Re7 88. Rd8 Kg7 89. Be6 Kg6 90. Rg8+ Rg7 91.
Rb8 Bc3 92. Rc8 Bf6 93. Rf8 Ra7 94. Rg8+ Bg7 95. Rc8 Ra5+ 96. Kc4 Ra4+ 97. Kb5
Rd4 98. Bf5+ Kf6 99. Re8 Rd2 100. Kc6 Kf7 101. Re3 Bf6 102. Bd3 Rb2 103. Kd5
Rb8 104. Bc4 Kg7 105. Kd6 Rd8+ 106. Kc7 Ra8 107. Bd5 Ra7+ 108. Kd6 Ra6+ 109.
Bc6 Rb6 110. Rf3 Ra6 111. Rb3 Ra7 112. Bb7 Ra1 113. Ke6 Re1+ 114. Kd5 Rd1+ 115.
Ke4 Re1+ 116. Kf3 Rf1+ 117. Ke2 Rc1 118. Be4 Rc7 119. Kf3 Rc3+ 120. Rxc3
1/2-1/2

[Event "4NCL/Div4b/BRJ vs. MET"]
[Site "Telford ENG"]
[Date "2005.05.28"]
[Round "9.4"]
[White "Djabri, Zafer M"]
[Black "Richmond, Jane"]
[Result "0-1"]
[WhiteElo "2070"]
[BlackElo "2162"]
[PlyCount "68"]
[EventDate "2005.05.28"]
[SourceDate "2004.09.21"]

1. c4 e5 2. Nc3 Nc6 3. Nf3 g6 4. d4 exd4 5. Nxd4 Bg7 6. Nxc6 bxc6 7. g3 Qe7 8.
Bd2 Rb8 9. Rb1 Qe6 10. Qa4 Nf6 11. Bg2 O-O 12. O-O Bb7 13. Bf4 c5 14. e4 d6 15.
Rfe1 Ng4 16. Nb5 Bc6 17. Bh3 f5 18. exf5 Qxf5 19. Qd1 h5 20. f3 Qf7 21. fxg4
Qxc4 22. Na3 Bd4+ 23. Re3 Qd5 24. Nc2 Qh1+ 25. Kf2 Qxh2+ 26. Ke1 Bxe3 27. Nxe3
Qxh3 28. Qd3 Qh1+ 29. Kd2 Qe4 30. b3 Rbe8 31. Rc1 Qxd3+ 32. Kxd3 hxg4 33. b4
Bb5+ 34. Kc3 Rxf4 0-1

[Event "4NCL/Div4b/BRJ vs. MET"]
[Site "Telford ENG"]
[Date "2005.05.28"]
[Round "9.5"]
[White "Hall, Daniel J"]
[Black "Murphy, Kieran"]
[Result "1-0"]
[WhiteElo "2047"]
[BlackElo "2033"]
[PlyCount "67"]
[EventDate "2005.05.28"]
[SourceDate "2004.09.21"]

1. e4 e6 2. d4 d5 3. Nc3 Bb4 4. e5 c5 5. Bd2 Ne7 6. f4 cxd4 7. Nb5 Bxd2+ 8.
Qxd2 O-O 9. Nf3 f6 10. Nbxd4 Ng6 11. Bd3 fxe5 12. Bxg6 exd4 13. Bd3 Qf6 14. O-O
Nc6 15. Rae1 Bd7 16. Ne5 Be8 17. Ng4 Qh4 18. h3 Bf7 19. Ne5 Nxe5 20. Rxe5 Rae8
21. Bb5 Re7 22. Qxd4 Bg6 23. Bd3 Bxd3 24. cxd3 a6 25. Qe3 g6 26. Rxe6 Rfe8 27.
Rxe7 Rxe7 28. Qd4 Qh5 29. f5 gxf5 30. Qxd5+ Qf7 31. Qxf5 Qxf5 32. Rxf5 Re2 33.
Rf2 Re3 34. Rd2 1-0

[Event "4NCL/Div4b/BRJ vs. MET"]
[Site "Telford ENG"]
[Date "2005.05.28"]
[Round "9.6"]
[White "Cavalcanti, Christian"]
[Black "Cabero, Pablo Padilla"]
[Result "1/2-1/2"]
[WhiteElo "2000"]
[BlackElo "2015"]
[PlyCount "49"]
[EventDate "2005.05.28"]
[SourceDate "2004.09.21"]

1. e4 Nf6 2. e5 Nd5 3. d4 c5 4. c3 e6 5. Nf3 cxd4 6. Qxd4 Nc6 7. Qe4 d6 8. Bb5
Bd7 9. exd6 Bxd6 10. O-O a6 11. Bd3 f5 12. Qe2 O-O 13. Rd1 Qc7 14. c4 Nf4 15.
Bxf4 Bxf4 16. g3 Bh6 17. Nc3 Rad8 18. Re1 Rfe8 19. Rad1 e5 20. Bb1 Nd4 21. Qd3
Nxf3+ 22. Qxf3 e4 23. Qe2 Be6 24. Nd5 Qf7 25. Bc2 1/2-1/2

[Event "4NCL/Div4b/HAL vs. BCA"]
[Site "Telford ENG"]
[Date "2005.05.28"]
[Round "9.1"]
[White "Llewellyn, John D"]
[Black "Mordue, A Tyson"]
[Result "0-1"]
[WhiteElo "1775"]
[BlackElo "2288"]
[PlyCount "58"]
[EventDate "2005.05.28"]
[SourceDate "2004.09.21"]

1. e4 c5 2. Nf3 e6 3. d3 Nc6 4. g3 g6 5. Bg2 Bg7 6. Nbd2 Nge7 7. O-O d5 8. Re1
Qc7 9. c3 O-O 10. Qe2 dxe4 11. dxe4 e5 12. Nf1 h6 13. Be3 b6 14. Rad1 Be6 15.
b3 a5 16. Qc2 Rfc8 17. N1d2 a4 18. Ra1 Ra7 19. Bf1 Rca8 20. Bc4 axb3 21. Bxb3
Bxb3 22. Nxb3 Ra4 23. Reb1 Nc8 24. Qd2 Kh7 25. Qd5 N8e7 26. Qxf7 Rf8 27. Qe6
Rxf3 28. Rd1 Rf6 29. Qh3 Rd6 0-1

[Event "4NCL/Div4b/HAL vs. BCA"]
[Site "Telford ENG"]
[Date "2005.05.28"]
[Round "9.2"]
[White "Armstrong, William G"]
[Black "Digger, Derek"]
[Result "1-0"]
[WhiteElo "1960"]
[BlackElo "1685"]
[PlyCount "51"]
[EventDate "2005.05.28"]
[SourceDate "2004.09.21"]

1. d4 Nf6 2. Bg5 Ne4 3. Bf4 d5 4. f3 Nd6 5. Nc3 e6 6. e4 c6 7. Nge2 Be7 8. e5
Nc4 9. b3 Nb6 10. Ng3 N8d7 11. Bd3 a6 12. a4 Nf8 13. a5 Nbd7 14. Nh5 Rg8 15.
Bd2 Ng6 16. Ne2 f6 17. f4 f5 18. g4 Bh4+ 19. Kf1 fxg4 20. Rg1 Ndf8 21. Rxg4 Kd7
22. Bb4 Be7 23. Bxe7 Qxe7 24. f5 Qf7 25. Nef4 exf5 26. e6+ 1-0

[Event "4NCL/Div4b/HAL vs. BCA"]
[Site "Telford ENG"]
[Date "2005.05.28"]
[Round "9.3"]
[White "McClory, Bernard"]
[Black "Hilton, Steve"]
[Result "0-1"]
[WhiteElo "1640"]
[BlackElo "1850"]
[PlyCount "84"]
[EventDate "2005.05.28"]
[SourceDate "2004.09.21"]

1. d4 Nf6 2. Nc3 d5 3. Bf4 g6 4. e3 Bg7 5. Nf3 O-O 6. Nb5 Na6 7. Ne5 c6 8. Nc3
Qa5 9. Bd3 Ne4 10. Bxe4 dxe4 11. h4 Be6 12. h5 g5 13. Bg3 Nb4 14. a3 Nd5 15. b4
Nxc3 16. bxa5 Nxd1 17. Rxd1 f6 18. Nf3 exf3 19. gxf3 f5 20. h6 Bf6 21. Rg1 Kf7
22. Kd2 Rad8 23. f4 g4 24. Rh1 Rd5 25. Rb1 Bc8 26. a6 b6 27. c4 Ra5 28. Rb3
Bxa6 29. Rc3 c5 30. Bh4 cxd4 31. exd4 Bxd4 32. Rd3 Bc5 33. Re1 Bxc4 34. Rc3 Be6
35. Ra1 Rd8+ 36. Kc2 Bd4 37. Rd1 Bxc3 38. Rxd8 Rxa3 39. Rd3 Bb4 40. Rd8 Rc3+
41. Kb2 Rf3 42. Rh8 Bc3+ 0-1